| 000 | 00799nam a22003017a 4500 | ||
|---|---|---|---|
| 001 | BR9702566 | ||
| 003 | BR-BrBNA | ||
| 005 | 20230928095349.0 | ||
| 007 | ta | ||
| 008 | 230509b bl.||||| |||| 00| 0 por d | ||
| 040 |
_aBR-BrBNA _bpor _cBiblioteca Nacional de Agricultura |
||
| 041 | _a(Por) | ||
| 072 |
_aF01; F04; H10 _b0120 |
||
| 090 | _ 0120 BR9702566 | ||
| 110 | 1 |
_aCooperativa Regional dos Cafeicultores de Guaxupe, MG (Brasil) _92912 |
|
| 245 | 1 | _aA cultura do milho | |
| 260 | 3 |
_aGuaxupe, MG (Brasil): _c1992. |
|
| 300 | _a64 p. | ||
| 500 | _a35 ref.; 12 tables | ||
| 650 | _aMilho | ||
| 650 | _aPratica Cultural | ||
| 650 | _aPlantio | ||
| 650 | _aAdubacao | ||
| 650 | _aPraga de Planta | ||
| 650 | _aMinas Gerais | ||
| 909 |
_a202309 _bLucia _c55 _dLucia Elande |
||
| 942 | _cBK | ||
| 999 |
_c56122 _d56122 |
||